[Event "Wch Rapid (Women)"]
[Site "New York"]
[Date "2024.12.28"]
[Round "11"]
[White "Gunina, Valentina"]
[Black "Belenkaya, Dina"]
[Result "1/2-1/2"]
[WhiteElo "2388"]
[BlackElo "2136"]
[PlyCount "200"]
[EventDate "2024.12.26"]
[EventType "swiss (rapid)"]
[EventRounds "11"]
[EventCountry "USA"]
[SourceTitle "CB01_2025"]
[SourceDate "2025.01.01"]
[SourceVersion "1"]
[SourceVersionDate "2025.01.01"]
[SourceQuality "1"]

1. d4 Nf6 2. c4 e6 3. Nf3 d5 4. Nc3 Be7 5. Bf4 0-0 6. e3 Nbd7 7. c5 c6 8. Bd3 b6 9. b4 Bb7 10. h3 a5 11. a3 Ra7 12. 0-0 Qa8 13. Rb1 axb4 14. axb4 Rc8 15. Bh2 Ba6 16. Bxa6 Rxa6 17. Qc2 Qa7 18. Qb2 b5 19. Ne5 Nxe5 20. dxe5 Nd7 21. Qc2 Ra8 22. Ne2 Ra2 23. Qd1 Bd8 24. Nd4 Qb7 25. e4 Bc7 26. exd5 exd5 27. f4 R8a6 28. Qg4 Nf8 29. f5 Qb8 30. Rbe1 Rb2 31. Re2 Rxe2 32. Qxe2 f6 33. Nf3 Nd7 34. exf6 Bxh2+ 35. Nxh2 Nxf6 36. Qe6+ Kf8 37. Nf3 Qe8 38. Qd6+ Qe7 39. Re1 Qxd6 40. cxd6 Ne4 41. g4 Nxd6 42. Re6 Nf7 43. g5 Ra3 44. Nd4 Nxg5 45. Rxc6 Nxh3+ 46. Kf1 Ra1+ 47. Ke2 Nf4+ 48. Ke3 Rf1 49. Rb6 h5 50. Rxb5 h4 51. Rb8+ Ke7 52. Rh8 Ng2+ 53. Kd2 Rf4 54. Kc3 Ne3 55. b5 Nc4 56. Rb8 Rf1 57. Rh8 Rc1+ 58. Kb4 Rh1 59. Kc5 h3 60. Kxd5 Nb6+ 61. Ke4 Kf6 62. Nf3 Nc4 63. Kf4 Rb1 64. Re8 Rxb5 65. Re6+ Kf7 66. Ng5+ Kf8 67. Nxh3 Nb6 68. Ng5 Nd5+ 69. Kg3 Nf6 70. Ra6 Rxf5 71. Ra8+ Ke7 72. Ra7+ Nd7 73. Kg4 Rd5 74. Nf3 Kf6 75. Ra6+ Ke7 76. Ra7 Ke6 77. Ra6+ Ke7 78. Ra7 g6 79. Kf4 Kf6 80. Ra6+ Kg7 81. Ke4 Rd1 82. Kf4 Nf6 83. Ne5 Rd4+ 84. Kf3 g5 85. Ra7+ Kh6 86. Rf7 Rf4+ 87. Kg2 Kh5 88. Rf8 g4 89. Kg3 Rf1 90. Kg2 Rf5 91. Nd7 Kg5 92. Nxf6 Rxf6 93. Rxf6 Kxf6 94. Kg3 Kg5 95. Kg2 Kf4 96. Kf2 g3+ 97. Kg2 Kg4 98. Kg1 Kf3 99. Kf1 g2+ 100. Kg1 Kg3 1/2-1/2

[Event "Wch Rapid (Women)"]
[Site "New York"]
[Date "2024.12.28"]
[Round "10"]
[White "Gunina, Valentina"]
[Black "Sliwicka, Alicja"]
[Result "0-1"]
[WhiteElo "2388"]
[BlackElo "2206"]
[PlyCount "102"]
[EventDate "2024.12.26"]
[EventType "swiss (rapid)"]
[EventRounds "11"]
[EventCountry "USA"]
[SourceTitle "CB01_2025"]
[SourceDate "2025.01.01"]
[SourceVersion "1"]
[SourceVersionDate "2025.01.01"]
[SourceQuality "1"]

1. d4 Nf6 2. c4 e6 3. Nf3 d5 4. Nc3 dxc4 5. e4 b5 6. e5 Nd5 7. Nxb5 Nb6 8. Be2 Nc6 9. Be3 Be7 10. a3 Qd7 11. Nc3 Rb8 12. Qc2 Bb7 13. Rd1 Na5 14. 0-0 Nd5 15. Bd2 Nb3 16. Bxc4 Nxd2 17. Rxd2 Nf4 18. Bb5 c6 19. Ba4 0-0 20. Ne4 Qd5 21. Nc5 Rfc8 22. b4 Qd8 23. Qe4 Nd5 24. Bc2 g6 25. Bd3 Rc7 26. Rc1 Bc8 27. h4 Bf8 28. Rdc2 Bh6 29. Re1 Re7 30. Nb3 Qb6 31. Ng5 Bb7 32. Qf3 Ba8 33. Ne4 Rd8 34. g3 a5 35. Nxa5 Qxd4 36. Nc5 Nxb4 37. axb4 Qxb4 38. Nab3 Qxe1+ 39. Kg2 Qxe5 40. Re2 Qd6 41. h5 Qd5 42. Re4 f5 43. hxg6 hxg6 44. Bc4 fxe4 45. Qf6 Qg5 46. Qa1 Kh7 47. Bxe6 Bg7 48. Qh1+ Qh6 49. Qe1 e3 50. f4 Rxe6 51. Nxe6 c5+ 0-1

[Event "Wch Rapid (Women)"]
[Site "New York"]
[Date "2024.12.28"]
[Round "9"]
[White "Padmini, Rout"]
[Black "Gunina, Valentina"]
[Result "1-0"]
[WhiteElo "2267"]
[BlackElo "2388"]
[PlyCount "115"]
[EventDate "2024.12.26"]
[EventType "swiss (rapid)"]
[EventRounds "11"]
[EventCountry "USA"]
[SourceTitle "CB01_2025"]
[SourceDate "2025.01.01"]
[SourceVersion "1"]
[SourceVersionDate "2025.01.01"]
[SourceQuality "1"]

1. e4 c5 2. Nf3 Nc6 3. d4 cxd4 4. Nxd4 e5 5. Nb5 d6 6. N1c3 a6 7. Na3 Be6 8. Nc4 Rb8 9. Ne3 Nf6 10. Ned5 Bxd5 11. exd5 Ne7 12. a4 Qa5 13. Bc4 b5 14. Bb3 b4 15. Ne2 Nexd5 16. 0-0 Be7 17. Ng3 0-0 18. Nf5 Rfe8 19. Bg5 Bf8 20. Bxf6 Nxf6 21. Nxd6 Bxd6 22. Qxd6 Rbd8 23. Qc6 Rc8 24. Qf3 Qc7 25. a5 e4 26. Qe2 Re7 27. h3 Qa7 28. Rfe1 e3 29. fxe3 Rce8 30. Qd2 h5 31. Qxb4 Rxe3 32. Rxe3 Qxe3+ 33. Kh2 Qe5+ 34. Kg1 Qe3+ 35. Kh2 Re4 36. Qb8+ Kh7 37. Qg3 Qa7 38. Rf1 Qe7 39. c3 g6 40. Bd1 Re5 41. b4 Nd7 42. Ba4 Nf6 43. Bb3 Kg7 44. Bc4 h4 45. Qxh4 Re4 46. Qxf6+ Qxf6 47. Rxf6 Kxf6 48. Bxa6 Ke7 49. Bb7 Re1 50. a6 Ra1 51. b5 Kd6 52. b6 Kc5 53. a7 Kxb6 54. a8Q Rxa8 55. Bxa8 Kc5 56. Kg3 Kc4 57. Kf4 f6 58. Be4 1-0